Procedural Justice and Relational Theory (Record no. 29611)
[ view plain ]
| 000 -LEADER | |
|---|---|
| fixed length control field | 00709nam a2200121Ia 4500 |
| 008 - FIXED-LENGTH DATA ELEMENTS--GENERAL INFORMATION | |
| fixed length control field | 220620s9999||||xx |||||||||||||| ||und|| |
| 245 #0 - TITLE STATEMENT | |
| Title | Procedural Justice and Relational Theory |
| Remainder of title | Empirical, Philosophical, and Legal Perspectives |
| 546 ## - LANGUAGE NOTE | |
| Language note | English[eng] |
| 650 ## - SUBJECT ADDED ENTRY--TOPICAL TERM | |
| Topical term or geographic name entry element | Jurisprudence and general issues||Legal systems: civil procedure, litigation and dispute resolution||Criminal procedure||Public health and safety law||Ethics and moral philosophy||Social and political philosophy||Psychology||Social, group or collective psychology |
| 700 ## - ADDED ENTRY--PERSONAL NAME | |
| Personal name | Meyerson, Denise||Mackenzie, Catriona||MacDermott, Therese |
| 856 ## - ELECTRONIC LOCATION AND ACCESS | |
| Uniform Resource Identifier | <a href="https://library.oapen.org/bitstream/20.500.12657/51160/1/9781000207668.pdf">https://library.oapen.org/bitstream/20.500.12657/51160/1/9781000207668.pdf</a> |
| 942 ## - ADDED ENTRY ELEMENTS (KOHA) | |
| Koha item type | E-Books |
| Withdrawn status | Lost status | Damaged status | Not for loan | Home library | Current library | Date acquired | Total Checkouts | Date last seen | Price effective from | Koha item type |
|---|---|---|---|---|---|---|---|---|---|---|
| Kerala University of Digital Sciences, Innovation and Technology Knowledge Centre | Kerala University of Digital Sciences, Innovation and Technology Knowledge Centre | 20/06/2022 | 20/06/2022 | 20/06/2022 | E-Books |